Oeuvres éditées par un ancien archiviste [Auguste Longnon] (Record no. 141614)

MARC details
000 -LEADER
campo de control de longitud fija 00692nam a2200205 i 4500
001 - NÚMERO DE CONTROL
campo de control 141614
003 - IDENTIFICADOR DE NÚMERO DE CONTROL
campo de control ES-MaACL
005 - FECHA Y HORA DE LA ÚLTIMA TRANSACCIÓN
campo de control 20260701143607.0
007 - CAMPO FIJO DE DESCRIPCIÓN FÍSICA--INFORMACIÓN GENERAL
campo de control de longitud fija t|
008 - DATOS DE LONGITUD FIJA--INFORMACIÓN GENERAL
campo de control de longitud fija 070926s1911 fr ||||1| fre d
100 0# - ENTRADA PRINCIPAL--NOMBRE DE PERSONA
Nombre de persona Villon, François,
Fechas asociadas al nombre 1431-ca. 1463
9 (RLIN) 115268
245 10 - MENCIÓN DEL TÍTULO
Título Oeuvres éditées par un ancien archiviste [Auguste Longnon]
Resto del título : avec un index des noms propres /
Mención de responsabilidad, etc. François Villon.
260 ## - PUBLICACIÓN, DISTRIBUCIÓN, ETC.
Lugar de publicación, distribución, etc. Paris :
Nombre del editor, distribuidor, etc. H. Champion,
Fecha de publicación, distribución, etc. 1911.
300 ## - DESCRIPCIÓN FÍSICA
Extensión XVI, 123 p. ;
Dimensiones 19 cm.
490 1# - MENCIÓN DE SERIE
Mención de serie Les Classiques français du Moyen-âge
700 1# - ENTRADA AGREGADA--NOMBRE PERSONAL
Nombre de persona Lognon, Auguste.
9 (RLIN) 73126
830 0# - PUNTO DE ACCESO ADICIONAL DE SERIE-TÍTULO UNIFORME
Título uniforme Les Classiques français du Moyen-âge
9 (RLIN) 185716
852 ## - LOCALIZACIÓN
Ubicación ES-MaACL
Número de control de estantería F-2367
Holdings
Estatus retirado Estado de pérdida Estado de daño No para préstamo Biblioteca de origen Biblioteca actual Ubicación en estantería Fecha de adquisición Fuente de adquisición Total de préstamos Signatura topográfica completa Código de barras Visto por última vez Precio de reemplazo Tipo de ítem Koha
        Biblioteca del Ateneo de Madrid Biblioteca del Ateneo de Madrid Depósito 2 17/01/2008     F-2367 1147352 23/02/2023 23/02/2023 Libro impreso